000 00497nam a22001697a 4500
999 _c28549
_d28549
003 BDDh-ASL
005 20231015030935.0
008 220420s1972 ny ||||| |||| 00| 0 eng d
040 _cBDDh-ASL
082 _a954
_bMED
245 0 0 _aMedieval India - A Micellany:
_bVolume-02 /
260 _aNew York:
_bAsia Publishing House,
_c1972.
300 _a346 p.,
_c24 cm.
650 0 _94586
_aHistory (ইতিহাস)
_xMedieval History
700 1 _93324
_aNizami, Khaliq Ahmad
942 _2ddc
_cBK